| 000 | 00399nam a2200157Ia 4500 | ||
|---|---|---|---|
| 008 | 151213s9999 xx 000 0 und d | ||
| 100 | _aDavis Daiches | ||
| 245 |
_aA critical History of English Literature _cDavis Daiches |
||
| 250 | _a2nd | ||
| 260 |
_aNew Delhi _bAllied Pub. _c1969 |
||
| 300 | _a1694 p. | ||
| 650 | _aEnglish | ||
| 650 | _aLiterature | ||
| 700 | _aDavis Daiches | ||
| 999 |
_c1256 _d1256 |
||